| 000 | 00759cam a22002533a 4500 | ||
|---|---|---|---|
| 001 | 17682 | ||
| 003 | PGUSA | ||
| 005 | 20140828083357.0 | ||
| 008 | 060205s2006||||xxu|||||s|||||000 | eng d | ||
| 040 |
_aPGUSA _beng |
||
| 042 | _adc | ||
| 050 | 4 | _aRA | |
| 245 | 1 | 4 |
_aThe Healthy Life, Vol. V, Nos. 24-28 : _bThe Independent Health Magazine _h[electronic resource] / _cVarious |
| 260 |
_bProject Gutenberg, _c2006 |
||
| 506 | _aPublic domain in the USA. | ||
| 516 | _aElectronic text | ||
| 653 | _aNutrition -- Periodicals | ||
| 653 | _aMedicine, Popular -- Periodicals | ||
| 653 | _aHealth -- Periodicals | ||
| 700 | 1 | _aDaniel, Charles William | |
| 830 | 0 |
_aProject Gutenberg _v17682 |
|
| 856 | 4 | 0 | _uhttp://www.gutenberg.org/ebooks/17682 |
| 942 | _cEB | ||
| 999 |
_c246937 _d246937 |
||